| 000 | 00437nam a2200145Ia 4500 | ||
|---|---|---|---|
| 008 | 150610s9999 xx 000 0 und d | ||
| 020 | _a9780061765216 (pbk.) | ||
| 050 |
_aHM1251 _b.M53 2004 |
||
| 100 | _aMilgram, Stanley | ||
| 245 |
_aObedience to authority: _ban experimental view / _cStanley Milgram. |
||
| 260 |
_aNew York : _bHarper Collins, _c2004. |
||
| 300 |
_a224pages ; _c21 cm. |
||
| 520 | _aAuthority. | ||
| 650 | _xObedience. | ||
| 999 |
_c287982 _d287982 |
||